Every Roberta Flack song that hit the Billboard hot 100 - Statistics

General Stats
  • This quiz has been taken 4 times
  • The average score is 5 of 18
Answer Stats
Peak Chart Position Year Song % Correct
1 1974 Feel Like Makin' Love
100%
13 1982 Making Love
100%
1 1972 The First Time Ever I Saw Your Face
100%
56 1980 Back Together Again
50%
1 1973 Killing Me Softly With His Song
50%
6 1991 Set The Night To Music
50%
5 1972 Where Is The Love
50%
76 1975 Feelin' That Glow
0%
24 1978 If Ever I See You Again
0%
42 1982 I'm The One
0%
30 1973 Jesse
0%
2 1978 The Closer I Get To You
0%
16 1983 Tonight, I Celebrate My Love
0%
76 1972 Will You Still Love Me Tomorrow
0%
47 1980 You Are My Heaven
0%
58 1984 You're Looking Like Love To Me
0%
29 1971 You've Got A Friend
0%
71 1971 You've Lost That Lovin' Feelin'
0%
No matching quizzes found
Score Distribution
Percent of People with Each Score
Percentile by Number Answered
Your Score History
You have not taken this quiz